| 000 | 01653nam a2200349 a 4500 | ||
|---|---|---|---|
| 001 | 000013149 | ||
| 003 | DO-SdBNP | ||
| 005 | 20160720103112.0 | ||
| 007 | 000013149 | ||
| 008 | 091120s2014 dr a 000 0 spa d | ||
| 020 | _a9945495556 + | ||
| 040 |
_aBPMSU _bspa _cBPMSU |
||
| 092 |
_axxxx _bxxxxx |
||
| 100 | 1 | _aCuello Orbe, Elisa Ysabel del | |
| 245 | 1 | 0 |
_aCapullito : _bnivel inicial / _cCuello del Orbe Elisa Ysabel ; ilustraciones Henry Cid |
| 260 |
_aSanto Domingo : _bActualidad escolar 2000 _c2014 |
||
| 300 |
_a96 p. : _bil. ; _c22 cm. |
||
| 490 | 1 | _aAraya | |
| 500 | _aLa biblioteca posee el nivel 1 -3 | ||
| 500 | _aContiene el libro del maestro y la grafomotrocidad | ||
| 500 | _aEste libro ha sido realizado de acuerdo al curriculum vigente y ha sido sometido a la evaluación y aprobación de la MINERD,(Ministerio de Educación República Dominicana ) | ||
| 505 |
_gv. 2 : _tLa ilusión de aprender -- _tEl ratón Timoteo -- _tTengo una familia fabulosa -- _tConociendo mi comunidad -- _tTengo identidad -- _tVamos de compra -- _tEl gato con botas -- _tEl sol y la luna -- |
||
| 505 |
_gv. 3 : _tDía de deporte -- _tHansel y Gretel -- _tCompartir en familia -- _tValoro mi comunidad -- _t! Viva la cultura! -- _tLa manzana hechizada -- _tPaseo a la finca -- _tLilo el astrónomo -- |
||
| 700 | 1 |
_aCid, Henry, _eil. |
|
| 830 | 0 | _aAraya | |
| 930 | 1 |
_lBND01 _mLF1 _820091204 _f04 _pCT _g8019 |
|
| 930 | 1 |
_lBND01 _mLF1 _820091120 _f01 _pCT _g8019 |
|
| 942 |
_2ddc _cBK |
||
| 956 |
_aBTAVAREZ _b10 _c20091204 _lBND01 _h1045 |
||
| 956 |
_aVMATEO _b10 _c20150520 _lBMET02 _h00151 |
||
| 956 |
_aVMATEO _b10 _c20150728 _lBPMSU _h00151 |
||
| 999 |
_c8027 _d8027 |
||